| 000 | 01054nam a22002897a 4500 | ||
|---|---|---|---|
| 001 | 9310 | ||
| 003 | FISKH | ||
| 005 | 20251210085735.0 | ||
| 008 | 251210b cb ||||| |||| 00| 0 eng d | ||
| 020 | _a9780842308106 | ||
| 040 |
_aFISKH _beng _cFISKH _dFISKH |
||
| 050 | _aPZ7 | ||
| 082 | _a813 | ||
| 100 |
_aStahl, Hilda _eAuthor |
||
| 245 |
_aElizabeth Gail and the silent piano : _bWind rider series / _cHilda Stahl |
||
| 260 |
_aIllinois : _bTyndale House Publisher Inc. , _c1989 |
||
| 300 |
_a109 pages : _billustrations ; _c19 cm |
||
| 490 |
_aElizabeth Gail : _v#10 |
||
| 505 | _aP | ||
| 520 | _aFoster child Elizabeth Gall finds love and acceptance with the Johnsons, a family who introduces her to the healing power of Christ. Following volumes relate her experiences in growing from a likable girl to an admirable young woman. | ||
| 521 | 8 |
_a650
_bLexile estimate |
|
| 521 | 8 |
_aP
_bRaz-Plus |
|
| 650 |
_aChristian mystery series _vElizabeth Gail |
||
| 650 |
_aYouth fiction _vInspirational |
||
| 942 |
_2ddc _cBK _n0 |
||
| 999 |
_c9310 _d9310 |
||